<?xml version="1.0" encoding="UTF-8"?>
<record
    xmlns:xsi="http://www.w3.org/2001/XMLSchema-instance"
    xsi:schemaLocation="http://www.loc.gov/MARC21/slim http://www.loc.gov/standards/marcxml/schema/MARC21slim.xsd"
    xmlns="http://www.loc.gov/MARC21/slim">

  <leader>02417nam a22002777a 4500</leader>
  <controlfield tag="001">5970</controlfield>
  <controlfield tag="003">FISKH</controlfield>
  <controlfield tag="005">20250225092507.0</controlfield>
  <controlfield tag="008">250214b        cb ||||| |||| 00| 0 eng d</controlfield>
  <datafield tag="020" ind1=" " ind2=" ">
    <subfield code="a">9780553840070</subfield>
    <subfield code="c">$12.50</subfield>
  </datafield>
  <datafield tag="040" ind1=" " ind2=" ">
    <subfield code="a">FISKH</subfield>
    <subfield code="b">eng</subfield>
    <subfield code="c">FISKH</subfield>
    <subfield code="d">FISKH</subfield>
  </datafield>
  <datafield tag="050" ind1=" " ind2=" ">
    <subfield code="a">BF561 .G65 </subfield>
  </datafield>
  <datafield tag="082" ind1=" " ind2=" ">
    <subfield code="a">152.4 </subfield>
  </datafield>
  <datafield tag="100" ind1=" " ind2=" ">
    <subfield code="a">Goleman, Daniel </subfield>
  </datafield>
  <datafield tag="245" ind1=" " ind2=" ">
    <subfield code="a">Emotional intelligence : </subfield>
    <subfield code="b">Why it can matter more than IQ /</subfield>
    <subfield code="c">Daniel Goleman</subfield>
  </datafield>
  <datafield tag="260" ind1=" " ind2=" ">
    <subfield code="a">Bantam Books : </subfield>
    <subfield code="b">New York : </subfield>
    <subfield code="c">1995. </subfield>
  </datafield>
  <datafield tag="300" ind1=" " ind2=" ">
    <subfield code="a">497 pages : </subfield>
    <subfield code="c">18 cm </subfield>
  </datafield>
  <datafield tag="500" ind1=" " ind2=" ">
    <subfield code="a">The groundbreaking book that redefines what it means to be smart.</subfield>
  </datafield>
  <datafield tag="520" ind1=" " ind2=" ">
    <subfield code="a">#1 BESTSELLER &#x2022; The groundbreaking book that redefines what it means to be smart, with a new introduction by the author &#x201C;A thoughtfully written, persuasive account explaining emotional intelligence and why it can be crucial.&#x201D;&#x2014; USA Today Everyone knows that high IQ is no guarantee of success, happiness, or virtue, but until Emotional Intelligence, we could only guess why. Daniel Goleman's brilliant report from the frontiers of psychology and neuroscience offers startling new insight into our &#x201C;two minds&#x201D;&#x2014;the rational and the emotional&#x2014;and how they together shape our destiny. Drawing on groundbreaking brain and behavioral research, Goleman shows the factors at work when people of high IQ flounder and those of modest IQ do surprisingly well. These factors, which include self-awareness, self-discipline, and empathy, add up to a different way of being smart&#x2014;and they aren&#x2019;t fixed at birth. Although shaped by childhood experiences, emotional intelligence can be nurtured and strengthened throughout our adulthood&#x2014;with immediate benefits to our health, our relationships, and our work.    The twenty-fifth-anniversary edition of Emotional Intelligence could not come at a better time&#x2014;we spend so much of our time online, more and more jobs are becoming automated and digitized, and our children are picking up new technology faster than we ever imagined. With a new introduction from the author, the twenty-fifth-anniversary edition prepares readers, now more than ever, to reach their fullest potential and stand out from the pack with the help of EI.</subfield>
  </datafield>
  <datafield tag="650" ind1=" " ind2=" ">
    <subfield code="a">Emotional Intelligence</subfield>
    <subfield code="v">Non-fiction </subfield>
  </datafield>
  <datafield tag="650" ind1=" " ind2=" ">
    <subfield code="a">Psychology</subfield>
    <subfield code="v">Science </subfield>
  </datafield>
  <datafield tag="650" ind1=" " ind2=" ">
    <subfield code="a">Management </subfield>
    <subfield code="v">Self-Help </subfield>
  </datafield>
  <datafield tag="650" ind1=" " ind2=" ">
    <subfield code="a">Leadership</subfield>
    <subfield code="v">Self-Improvement</subfield>
  </datafield>
  <datafield tag="942" ind1=" " ind2=" ">
    <subfield code="2">ddc</subfield>
    <subfield code="c">BK</subfield>
    <subfield code="n">0</subfield>
  </datafield>
  <datafield tag="999" ind1=" " ind2=" ">
    <subfield code="c">5970</subfield>
    <subfield code="d">5970</subfield>
  </datafield>
  <datafield tag="952" ind1=" " ind2=" ">
    <subfield code="0">0</subfield>
    <subfield code="1">0</subfield>
    <subfield code="2">ddc</subfield>
    <subfield code="4">0</subfield>
    <subfield code="7">0</subfield>
    <subfield code="8">NFIC</subfield>
    <subfield code="a">001</subfield>
    <subfield code="b">001</subfield>
    <subfield code="c">ATKSNF</subfield>
    <subfield code="d">2025-02-14</subfield>
    <subfield code="l">1</subfield>
    <subfield code="o">GOL 152.4 BF561 .G65 </subfield>
    <subfield code="p">2025-0571</subfield>
    <subfield code="r">2025-04-01 15:14:08</subfield>
    <subfield code="s">2025-02-26</subfield>
    <subfield code="t">1</subfield>
    <subfield code="w">2025-02-14</subfield>
    <subfield code="y">BK</subfield>
  </datafield>
  <datafield tag="952" ind1=" " ind2=" ">
    <subfield code="0">0</subfield>
    <subfield code="1">0</subfield>
    <subfield code="2">ddc</subfield>
    <subfield code="4">0</subfield>
    <subfield code="7">0</subfield>
    <subfield code="8">NFIC</subfield>
    <subfield code="a">001</subfield>
    <subfield code="b">001</subfield>
    <subfield code="c">ATKSNF</subfield>
    <subfield code="d">2025-02-14</subfield>
    <subfield code="l">1</subfield>
    <subfield code="o">GOL 152.4 BF561 .G65 </subfield>
    <subfield code="p">2025-0572</subfield>
    <subfield code="r">2025-11-28 14:07:04</subfield>
    <subfield code="s">2025-08-29</subfield>
    <subfield code="t">2</subfield>
    <subfield code="w">2025-02-14</subfield>
    <subfield code="y">BK</subfield>
  </datafield>
  <datafield tag="952" ind1=" " ind2=" ">
    <subfield code="0">0</subfield>
    <subfield code="1">0</subfield>
    <subfield code="2">ddc</subfield>
    <subfield code="4">0</subfield>
    <subfield code="7">0</subfield>
    <subfield code="8">NFIC</subfield>
    <subfield code="a">002</subfield>
    <subfield code="b">002</subfield>
    <subfield code="c">SNS</subfield>
    <subfield code="d">2025-02-14</subfield>
    <subfield code="l">4</subfield>
    <subfield code="o">GOL 152.4 BF561 .G65 </subfield>
    <subfield code="p">2025-0573</subfield>
    <subfield code="r">2026-01-23 15:43:05</subfield>
    <subfield code="s">2025-10-31</subfield>
    <subfield code="t">3</subfield>
    <subfield code="w">2025-02-14</subfield>
    <subfield code="y">BK</subfield>
  </datafield>
</record>
